[Event "JPN-ch"]
[Site "Tokyo"]
[Date "2018.05.04"]
[Round "10"]
[White "Scott, Tyler"]
[Black "Suzuki, Masateru"]
[Result "1-0"]
[WhiteElo "2089"]
[BlackElo "1986"]
[PlyCount "97"]
[EventDate "2018.04.29"]
[EventType "swiss"]
[EventRounds "11"]
[EventCountry "JPN"]
[SourceTitle "CBM 184 Extra"]
[Source "ChessBase"]
[SourceDate "2018.06.28"]
[SourceVersion "1"]
[SourceVersionDate "2018.06.28"]
[SourceQuality "1"]

1. d4 e6 2. c4 b6 3. e4 Bb7 4. Bd3 f5 5. exf5 Bxg2 6. Qh5+ g6 7. fxg6 Nf6 8. g7+ Nxh5 9. gxh8Q Qe7 10. Qxh7 Qxh7 11. Bxh7 Kf7 12. f3 Bg7 13. Ne2 Bxh1 14. Kf2 Nf6 15. Bd3 Nc6 16. Nbc3 Rh8 17. Bf4 Nh5 18. Be3 Nb4 19. Be4 Nf6 20. Rxh1 Nxe4+ 21. Nxe4 Nd3+ 22. Kg2 Nxb2 23. Nd2 Bf6 24. Bf4 c6 25. Bg3 Bg5 26. f4 Be7 27. Rb1 Na4 28. Nf3 Rh5 29. Ne5+ Ke8 30. Kf3 c5 31. Kg4 Rf5 32. Bf2 cxd4 33. Bxd4 Nc5 34. Bxc5 Bxc5 35. h4 Be7 36. Ng3 Rf6 37. h5 Bf8 38. Ne4 Rh6 39. Rd1 d5 40. cxd5 exd5 41. Rxd5 b5 42. Ng6 Be7 43. Re5 a5 44. Rxe7+ Kd8 45. Ra7 b4 46. Kg5 a4 47. Kxh6 b3 48. axb3 axb3 49. Rb7 1-0